00771nam a22002055i 4500001000700000003000900007005001700016008004100033040002000074100003300094245012000127250001200247260008700259300002200346490005700368650001900425700002900444830005700473852003500530165681ES-MaACL20250815062650.0960508s18901900sp |||| | spa d aCLM bspa cCLM1 aSpencer, Herbert,d1820-190313aLa moral de los diversos pueblos y la moral personal / cpor H. Spencer ; traducción y notas por José de Caso. a4ª ed. aMadrid : bLa España Moderna, c[s.a.] (fImprenta de Gabriel López del Horno) a327 p. ; c23 cm.1 aBiblioteca de Jurisprudencia, Filosofía e Historia 7aÉtica2embne11aCaso, José de, etrad.00aBiblioteca de jurisprudencia, filosofía e historia aES-MaACLjF-14966 z-- Rúst.